Doctrine in the church of England : the report of the commission on christian doctrine appointed by the archbishops of Canterbury and York in 1922

Αποθηκεύτηκε σε:
Λεπτομέρειες βιβλιογραφικής εγγραφής
Συλλογικό Έργο: Church of England. Commission on Christian Doctrine, Society for Promoting Christian Knowledge (Great Britain)
Μορφή: Βιβλίο
Γλώσσα:English
Δημοσίευση: London : New York : Society for promoting Christian Knowledge ; The Macmillan, [1952]
Θέματα:
Ετικέτες: Προσθήκη ετικέτας
Δεν υπάρχουν, Καταχωρήστε ετικέτα πρώτοι!

MARC

LEADER 00000cam a2200000 i 4500
001 1/30458
008 060530s1952 enk| ||| |||| ||eng||
035 |l 10084153 
040 |a GR-MyUa  |b gre  |e AACR2 
041 0 |a eng 
082 7 |a 230.3   |2 (22) 
110 2 |a Church of England.   |b Commission on Christian Doctrine. 
245 1 0 |a Doctrine in the church of England :   |b the report of the commission on christian doctrine appointed by the archbishops of Canterbury and York in 1922 /   |c [Church of England] ; Society for promoting Christian Doctrine. 
260 |a London :   |b Society for promoting Christian Knowledge ;   |a New York :   |b The Macmillan,   |c [1952] 
300 |a 242 σ. ;   |c 22 εκ. 
610 2 0 |a Church of England  |x Doctrines. 
650 0 |a Theology, Doctrinal. 
710 2 |a Society for Promoting Christian Knowledge (Great Britain) 
852 |a INST  |b RHODES  |c KRI  |e 20060530  |h  230.3 CHU  |p 005400020754  |q 005400020754  |t BK  |y 0 
901 |a BIBL4-2006-2 
970 |a ΚΟΖΑ  |b ΜΑΡΙΑ  |z 2006/05/30